000 00589nam a2200145Ia 4500
008 100122s9999 xx 000 0 und d
082 _b54396
_a808.5
100 _aगोखले श्री पु
245 _aसावरकरांशी सुखसंवाद ( क.क्र.26/4 )
260 _bमॅजेस्टिक प्रकाशन
_c1983
300 _a168
630 _aसावरकरांशी सुखसंवाद ( क.क्र.26/4 )
730 _aसावरकरांशी सुखसंवाद ( क.क्र.26/4 )
942 _cBOOK
999 _c431274
_d431271